00746nam a22002057a 450000500170000001000150001702000260003203500140005803700090007208200120008110000270009324500370012025000060015726000420016327001140020530000200031994200260033999900190036595201560038420240925151101.0 aENG-141758 a9789359646503c200.00 aEN-125290 bDBAD a808.883 aJoshi, Himanshu971959 aFor You Only/cBy Himanshu Joshi a1 aNew DelhibDiamond Pocket Booksc2024 aX- 30, Okhla Industrial Area, Phase-IIbNew Delhie110020mwecare@diamondbooks.ink011-40712100k011-41611861 a178p.c22cm(pb) 2ddccENh808.883mJOS c205890d205890 001040708NFICaVPbVPd2024-09-25eDelivery of Books Act Divisiong200.00l0o808.883 JOSpEN-125290r2024-09-25 00:00:00t1v200.00w2024-09-25yEN